Normal view
MARC view
- Smitha K. E
Entry Personal Name
001 - CONTROL NUMBER
- control field: 3369
003 - CONTROL NUMBER IDENTIFIER
- control field: OSt
005 - DATE AND TIME OF LATEST TRANSACTION
- control field: 20180926133623.0
008 - FIXED-LENGTH DATA ELEMENTS
- fixed length control field: 180926|| aca||aabn | a|a d
040 ## - CATALOGING SOURCE
- Original cataloging agency: OSt
- Transcribing agency: OSt
100 ## - HEADING--PERSONAL NAME
- Personal name: Smitha K. E
670 ## - SOURCE DATA FOUND
- Source citation: Work cat.: (OSt)15194: ANU M. BABU 3367, Land use mapping by GIS
